000 00588nam a2200241Ia 4500
003 OSt
005 20220912152348.0
006 a|||||r|||| 00| 0
007 ta
008 220909b |||||||| |||| 00| 0 eng d
024 _a51329
037 _cTextual
040 _aCSL
_beng
_cCSL
041 _aeng
082 _aJ.7921, J1
100 _aWilliams R O
245 0 _aUseful and ornamental plants in Trinidad and Tobago
260 _c1951
300 _ap.
_ccm.
650 _aAgriculture
942 _hJ.7921, J1
_cTEXL
_2CC
999 _c84526
_d84526